NBA MVP Quiz (hard) - Statistics

General Stats
  • This quiz has been taken 47 times
  • The average score is 39 of 69
Answer Stats
Hint Answer % Correct
2024 Nikola Jokic
100%
2023 Joel Embiid
95%
2022 Nikola Jokic
93%
2020 Giannis Antetokounmpo
90%
2021 Nikola Jokic
90%
2011 Derrick Rose
83%
2019 Giannis Antetokounmpo
83%
2018 James Harden
83%
2014 Kevin Durant
83%
2016 Stephen Curry
83%
2015 Stephen Curry
83%
2013 Lebron James
80%
2017 Russell Westbrook
80%
2008 Kobe Bryant
78%
2012 Lebron James
78%
2010 Lebron James
78%
2009 Lebron James
78%
2004 Kevin Garnett
71%
1996 Michael Jordan
71%
2006 Steve Nash
71%
2001 Allen Iverson
68%
1992 Michael Jordan
68%
1991 Michael Jordan
68%
2000 Shaquille O'neal
68%
2005 Steve Nash
68%
2007 Dirk Nowitzki
66%
1998 Michael Jordan
66%
1994 Hakeem Olajuwon
63%
1997 Karl Malone
63%
1986 Larry Bird
63%
1990 Magic Johnson
63%
2003 Tim Duncan
63%
1995 David Robinson
61%
1999 Karl Malone
61%
1985 Larry Bird
61%
1989 Magic Johnson
61%
2002 Tim Duncan
61%
1984 Larry Bird
59%
1987 Magic Johnson
59%
1993 Charles Barkley
56%
1988 Michael Jordan
54%
1980 Kareem Abdul-Jabbar
51%
1977 Kareem Abdul-Jabbar
44%
1976 Kareem Abdul-Jabbar
44%
1974 Kareem Abdul-Jabbar
41%
1972 Kareem Abdul-Jabbar
41%
1983 Moses Malone
39%
1982 Moses Malone
39%
1981 Julius Erving
37%
1971 Kareem Abdul-Jabbar
37%
1968 Wilt Chamberlain
37%
1967 Wilt Chamberlain
37%
1965 Bill Russell
34%
1963 Bill Russell
34%
1961 Bill Russell
34%
1966 Wilt Chamberlain
34%
1962 Bill Russell
32%
1970 Willis Reed
32%
1973 Dave Cowens
29%
1960 Wilt Chamberlain
29%
1978 Bill Walton
27%
1975 Bob McAdoo
24%
1964 Oscar Robertson
24%
1957 Bob Cousy
22%
1958 Bill Russell
20%
1956 Bob Petit
20%
1979 Moses Malone
20%
1969 Wes Unseld
20%
1959 Bob Petit
12%
No matching quizzes found
Score Distribution
Percent of People with Each Score
Percentile by Number Answered
Your Score History
You have not taken this quiz